League Cup Finalists - Statistics

General Stats
  • This quiz has been taken 401 times
  • The average score is 32 of 36
Answer Stats
Answer % Correct
Arsenal
100%
Liverpool
100%
Chelsea
99%
Manchester City
99%
Manchester United
99%
Tottenham Hotspur
99%
Aston Villa
98%
Birmingham City
97%
Everton
95%
Leeds United
95%
Leicester City
95%
Newcastle United
95%
Nottingham Forest
95%
Southampton
95%
Sunderland
95%
Swansea City
95%
West Ham United
95%
Blackburn Rovers
92%
Wolverhampton Wanderers
92%
Norwich City
91%
Cardiff City
90%
Sheffield Wednesday
90%
Middlesbrough
89%
Stoke City
89%
Queens Park Rangers
88%
West Bromwich Albion
88%
Bolton Wanderers
84%
Luton Town
81%
Bradford City
80%
Oxford United
78%
Wigan Athletic
78%
Swindon Town
75%
Oldham Athletic
66%
Tranmere Rovers
58%
Rotherham United
57%
Rochdale
49%
No matching quizzes found
Score Distribution
Percent of People with Each Score
Percentile by Number Answered
Your Score History
You have not taken this quiz